000 01107nam a2200289Ia 4500
001 ebr10223805
003 CaPaEBR
006 m u
007 cr cn|||||||||
008 080831s2003 dcua s 000 0 eng d
020 _z9780964107052
040 _aCaPaEBR
_cCaPaEBR
035 _a(OCoLC)298788241
050 1 4 _aRM871
_b.V35 2003eb
100 1 _aValone, Thomas F.
245 1 0 _aBioelectromagnetic healing
_h[electronic resource] :
_ba rationale for its use /
_cby Thomas Valone.
250 _aRev. ed.
260 _aWashington, D.C. :
_bIntegrity Research Institute,
_c2003.
300 _a116 p. :
_bill.
533 _aElectronic reproduction.
_bPalo Alto, Calif. :
_cebrary,
_d2009.
_nAvailable via World Wide Web.
_nAccess may be limited to ebrary affiliated libraries.
650 0 _aElectrotherapeutics.
650 0 _aElectromagnetism in medicine.
650 0 _aElectromagnetism.
655 7 _aElectronic books.
_2local
710 2 _aebrary, Inc.
856 4 0 _uhttp://site.ebrary.com/lib/rucke/Doc?id=10223805
_zAn electronic book accessible through the World Wide Web; click to view
999 _c25290
_d25290